<?xml version="1.0" encoding="UTF-8"?>
<record
    xmlns:xsi="http://www.w3.org/2001/XMLSchema-instance"
    xsi:schemaLocation="http://www.loc.gov/MARC21/slim http://www.loc.gov/standards/marcxml/schema/MARC21slim.xsd"
    xmlns="http://www.loc.gov/MARC21/slim">

  <leader>01479nam a2200277 i 4500</leader>
  <controlfield tag="003">DO-SdBNP</controlfield>
  <controlfield tag="005">20230502155018.0</controlfield>
  <controlfield tag="007">ta</controlfield>
  <controlfield tag="008">210421e2020    dr ad||gr||||o001 0 spa d</controlfield>
  <datafield tag="020" ind1=" " ind2=" ">
    <subfield code="a">9789945621426</subfield>
  </datafield>
  <datafield tag="040" ind1=" " ind2=" ">
    <subfield code="a">DO-SdBNP</subfield>
    <subfield code="b">spa</subfield>
    <subfield code="c">BNPHU</subfield>
    <subfield code="e">rda</subfield>
  </datafield>
  <datafield tag="041" ind1=" " ind2=" ">
    <subfield code="h">spa</subfield>
  </datafield>
  <datafield tag="082" ind1=" " ind2="4">
    <subfield code="b">R426g</subfield>
    <subfield code="2">22</subfield>
  </datafield>
  <datafield tag="110" ind1="1" ind2=" ">
    <subfield code="a">Rep&#xFA;blica Dominicana :</subfield>
    <subfield code="b">Salud P&#xFA;blica</subfield>
    <subfield code="9">78468</subfield>
  </datafield>
  <datafield tag="245" ind1="1" ind2="0">
    <subfield code="a">Gu&#xED;a nacional de atenci&#xF3;n a la poblaci&#xF3;n adulta con VIH sida /</subfield>
    <subfield code="c">Ministerio de Salud P&#xFA;blica y Asistencia Social (MISPAS)</subfield>
  </datafield>
  <datafield tag="264" ind1=" " ind2=" ">
    <subfield code="a">Santo Domingo :</subfield>
    <subfield code="b">MIPAS,</subfield>
    <subfield code="c">2020.</subfield>
  </datafield>
  <datafield tag="300" ind1=" " ind2=" ">
    <subfield code="a">75 p&#xE1;ginas ;</subfield>
    <subfield code="c">25 cm.</subfield>
  </datafield>
  <datafield tag="336" ind1=" " ind2=" ">
    <subfield code="2">rdacontent</subfield>
    <subfield code="a">texto</subfield>
    <subfield code="b">txt</subfield>
  </datafield>
  <datafield tag="337" ind1=" " ind2=" ">
    <subfield code="2">rdamedia</subfield>
    <subfield code="a">sin mediaci&#xF3;n</subfield>
    <subfield code="b">n</subfield>
  </datafield>
  <datafield tag="338" ind1=" " ind2=" ">
    <subfield code="2">rdacarrier</subfield>
    <subfield code="a">volumen</subfield>
    <subfield code="b">nc</subfield>
  </datafield>
  <datafield tag="500" ind1=" " ind2=" ">
    <subfield code="a">Incluye glosario de t&#xE9;rminos.-- Abreviaturas</subfield>
  </datafield>
  <datafield tag="504" ind1=" " ind2=" ">
    <subfield code="a">Bibliogr&#xE1;fia : p. 70-75</subfield>
  </datafield>
  <datafield tag="505" ind1=" " ind2=" ">
    <subfield code="a">Introducci&#xF3;n.--</subfield>
    <subfield code="t">1.- Objetivos.--</subfield>
    <subfield code="t">2.- Alcance.--</subfield>
    <subfield code="t">3.- Usuarios de esta gu&#xED;a.--</subfield>
    <subfield code="t">4.- Poblaci&#xF3;n Diana.--</subfield>
    <subfield code="t">5.- Metodolog&#xED;a.--</subfield>
    <subfield code="t">6.- Recomendaciones a seguir para la atenci&#xF3;n a personas adultas viviendo con VIH</subfield>
    <subfield code="t">7.-Inicio de tratamiento antirretroviral.-</subfield>
    <subfield code="t">8.- Buenas pr&#xE1;cticas para el inicio del TARV.-</subfield>
    <subfield code="t">9.- &#xBF;Con qui&#xE9;n iniciar?.-</subfield>
    <subfield code="t">10.- Manejo del fallo terap&#xE9;utico.-</subfield>
    <subfield code="t">11.- Efectos adversos y terapia antirretroviral.-</subfield>
    <subfield code="t">12.- Adherencia al tratamiento.-</subfield>
    <subfield code="t">13.- Infecciones oportunas.-</subfield>
    <subfield code="t">14.- Uso de antirretrovirales para la prevenci&#xF3;n del VIH</subfield>
    <subfield code="t">Vacunas y VIH.-</subfield>
    <subfield code="t">Referencias bibliogr&#xE1;ficas.</subfield>
  </datafield>
  <datafield tag="590" ind1=" " ind2=" ">
    <subfield code="a">Inventariado, 2023/BT</subfield>
  </datafield>
  <datafield tag="942" ind1=" " ind2=" ">
    <subfield code="2">ddc</subfield>
    <subfield code="c">LBS1</subfield>
  </datafield>
  <datafield tag="952" ind1=" " ind2=" ">
    <subfield code="0">0</subfield>
    <subfield code="1">0</subfield>
    <subfield code="2">ddc</subfield>
    <subfield code="5">1</subfield>
    <subfield code="7">0</subfield>
    <subfield code="8">PD</subfield>
    <subfield code="a">BNPHU</subfield>
    <subfield code="b">BNPHU</subfield>
    <subfield code="c">CT</subfield>
    <subfield code="d">2021-03-11</subfield>
    <subfield code="e">Dep&#xF3;sito Legal</subfield>
    <subfield code="o">BNPHU PD R426g</subfield>
    <subfield code="p">2021-1561</subfield>
    <subfield code="r">2021-04-21</subfield>
    <subfield code="w">2021-04-21</subfield>
    <subfield code="y">LBS1</subfield>
  </datafield>
  <datafield tag="952" ind1=" " ind2=" ">
    <subfield code="0">0</subfield>
    <subfield code="1">0</subfield>
    <subfield code="2">ddc</subfield>
    <subfield code="5">1</subfield>
    <subfield code="7">0</subfield>
    <subfield code="8">PD</subfield>
    <subfield code="a">BNPHU</subfield>
    <subfield code="b">BNPHU</subfield>
    <subfield code="c">CT</subfield>
    <subfield code="d">2021-03-11</subfield>
    <subfield code="e">Dep&#xF3;sito Legal</subfield>
    <subfield code="o">BNPHU PD R426g</subfield>
    <subfield code="p">2021-1562</subfield>
    <subfield code="r">2021-04-21</subfield>
    <subfield code="t">e.2</subfield>
    <subfield code="w">2021-04-21</subfield>
    <subfield code="y">LBS1</subfield>
  </datafield>
  <datafield tag="952" ind1=" " ind2=" ">
    <subfield code="0">0</subfield>
    <subfield code="1">0</subfield>
    <subfield code="2">ddc</subfield>
    <subfield code="5">6</subfield>
    <subfield code="7">0</subfield>
    <subfield code="8">DS</subfield>
    <subfield code="a">BNPHU</subfield>
    <subfield code="b">BNPHU</subfield>
    <subfield code="c">CT</subfield>
    <subfield code="d">2021-03-11</subfield>
    <subfield code="e">Dep&#xF3;sito Legal</subfield>
    <subfield code="o">BNPHU DS R426g</subfield>
    <subfield code="p">2021-1563</subfield>
    <subfield code="r">2021-04-21</subfield>
    <subfield code="t">e.3</subfield>
    <subfield code="w">2021-04-21</subfield>
    <subfield code="y">LBS1</subfield>
  </datafield>
  <datafield tag="999" ind1=" " ind2=" ">
    <subfield code="c">49777</subfield>
    <subfield code="d">49777</subfield>
  </datafield>
</record>
